UK Top Ten Artists of 2011 - Statistics

General Stats
  • This quiz has been taken 35 times
  • The average score is 57 of 137
Answer Stats
% Correct
2010 October Firework Katy Perry 3
100%
2011 July Last Friday Night (T.G.I.F.) Katy Perry 9
100%
2011 April E.T. Katy Perry ft. Kanye West 3
100%
2010 November Only Girl (In the World) Rihanna 1
93%
2011 February S&M Rihanna 3
93%
2011 June California King Bed Rihanna 8
93%
2010 October Make You Feel My Love Adele 4
90%
2011 January Rolling in the Deep Adele 2
90%
2011 February Someone Like You Adele 1
90%
2011 October Lighters Bad Meets Evil ft. Bruno Mars 10
90%
2010 December Who's That Chick? David Guetta ft. Rihanna 6
90%
2011 December Take Care Drake ft. Rihanna 9
90%
2011 February Born This Way Lady Gaga 3
90%
2011 April Judas Lady Gaga 8
90%
2011 May The Edge of Glory Lady Gaga 6
90%
2011 August Moves Like Jagger Maroon 5 ft. Christina Aguilera 2
90%
2011 October We Found Love Rihanna ft. Calvin Harris 1
90%
2010 December What's My Name? Rihanna ft. Drake 1
90%
2011 January Grenade Bruno Mars 1
86%
2011 May The Lazy Song Bruno Mars 1
86%
2011 April On the Floor Jennifer Lopez ft. Pitbull 1
86%
2011 May Where Them Girls At David Guetta ft. Flo Rida & Nicki Minaj 3
83%
2011 October Sexy and I Know It LMFAO 5
79%
2011 April Party Rock Anthem LMFAO ft. Lauren Bennett & GoonRock 1
79%
2011 May Give Me Everything Pitbull ft. Ne-Yo, Afrojack & Nayer 1
79%
2011 October Without You David Guetta ft. Usher 6
76%
2011 June The A Team Ed Sheeran 3
76%
2011 September You Need Me, I Don’t Need You Ed Sheeran 4
76%
2011 November Lego House Ed Sheeran 5
76%
2011 August Super Bass Nicki Minaj 8
76%
2010 November The Time (Dirty Bit) Black Eyed Peas 1
69%
2011 April Just Can't Get Enough Black Eyed Peas 3
69%
2011 February Price Tag Jessie J ft. B.o.B 1
69%
2011 September What Makes You Beautiful One Direction 1
69%
2011 November Gotta Be You One Direction 3
69%
2011 December Wishing on a Star The X Factor Finalists 2011 ft. JLS & One Direction 1
69%
2011 June Every Teardrop Is a Waterfall Coldplay 6
66%
2011 December Paradise Coldplay 1
66%
2011 September Collide Leona Lewis & Avicii 4
66%
2011 December Hurt Leona Lewis & Avicii 8
66%
2011 August Back to Black Amy Winehouse 8
62%
2011 December Levels Avicii 4
62%
2011 January Do It like a Dude Jessie J 2
62%
2011 May Nobody's Perfect Jessie J 9
62%
2011 December Who You Are Jessie J 8
62%
2011 March Black and Yellow Wiz Khalifa 5
62%
2011 August Little Bad Girl David Guetta ft. Taio Cruz & Ludacris 4
59%
2011 October Iris Goo Goo Dolls 3
59%
2011 October Video Games Lana Del Rey 9
59%
2011 April Sweat Snoop Dogg vs. David Guetta 4
59%
2010 December Whip My Hair Willow 2
59%
2011 July Best Thing I Never Had Beyoncé 3
52%
2011 September Feel So Close Calvin Harris 2
52%
2011 June Bounce Calvin Harris ft. Kelis 2
52%
2011 February Champion Chipmunk ft. Chris Brown 2
52%
2011 February Yeah 3x Chris Brown 6
52%
2011 April Beautiful People Chris Brown ft. Benny Benassi 4
52%
2011 June I'm Into You Jennifer Lopez ft. Lil Wayne 9
52%
2011 February We R Who We R Kesha 1
48%
2011 September Heart Skips a Beat Olly Murs ft. Rizzle Kicks 1
48%
2011 March I Need a Doctor Dr. Dre ft. Eminem & Skylar Grey 8
45%
2011 June Mr. Saxobeat Alexandra Stan 3
41%
2010 November Like a G6 Far East Movement ft. The Cataracs & Dev 5
41%
2010 December Thinking of Me Olly Murs 1
41%
2011 December Dance with Me Tonight Olly Murs 1
41%
2011 March Gold Forever The Wanted 3
41%
2011 July Glad You Came The Wanted 1
41%
2011 October Lightning The Wanted 2
41%
2011 August Jar of Hearts Christina Perri 4
38%
2011 March Fuckin' Perfect Pink 10
38%
2011 November Good Feeling Flo Rida 1
34%
2011 January Hold It Against Me Britney Spears 6
31%
2011 August Swagger Jagger Cher Lloyd 1
31%
2011 November With Ur Love Cher Lloyd ft. Mike Posner 4
31%
2011 July Don't Wanna Go Home Jason Derulo 1
31%
2011 October It Girl Jason Derulo 4
31%
2010 November The Flood Take That 2
31%
2011 April Fast Car Tracy Chapman 4
31%
2011 August Down with the Trumpets Rizzle Kicks 8
28%
2011 November When I Was a Youngster Rizzle Kicks 8
28%
2010 November Your Song Ellie Goulding 2
24%
2011 October Stereo Hearts Gym Class Heroes ft. Adam Levine 3
24%
2011 August She Makes Me Wanna JLS ft. Dev 1
24%
2011 January Eyes Wide Shut JLS ft. Tinie Tempah 8
24%
2011 December Dedication to My Ex (Miss That) Lloyd ft. André 3000 & Lil Wayne 3
24%
2011 November Read All About It Professor Green ft. Emeli Sandé 1
24%
2011 February Tonight (I'm Lovin' You) Enrique Iglesias ft. Ludacris & DJ Franke E 5
21%
2011 November Take a Chance on Me JLS 2
21%
2011 October Mr. Know It All Kelly Clarkson 4
21%
2011 November Earthquake Labrinth ft. Tinie Tempah 2
21%
2011 May I Need a Dollar Aloe Blacc 2
17%
2011 August Heaven Emeli Sandé 2
17%
2011 June Changed the Way You Kiss Me Example 1
17%
2011 September Stay Awake Example 1
17%
2011 June Right There Nicole Scherzinger ft. 50 Cent 3
17%
2011 September All About Tonight Pixie Lott 1
17%
2011 November What Do You Take Me For? Pixie Lott ft. Pusha T 10
17%
2011 February Higher Taio Cruz ft. Kylie Minogue & Travie McCoy 8
17%
2011 April Unorthodox Wretch 32 ft. Example 2
17%
2011 December Cannonball Little Mix 1
14%
2010 December When We Collide Matt Cardle 1
14%
2011 October Run for Your Life Matt Cardle 6
14%
2011 March Don't Hold Your Breath Nicole Scherzinger 1
14%
2011 October Cannonball Damien Rice 9
10%
2011 June Bass Down Low Dev ft. The Cataracs 10
10%
2011 October Loca People Sak Noel 1
10%
2011 December 5 O'Clock T-Pain ft. Lily Allen & Wiz Khalifa 6
10%
2011 October No Regrets Dappy 1
7%
2011 April Buzzin' Mann ft. 50 Cent 6
7%
2011 September Party All Night (Sleep All Day) Sean Kingston 9
7%
2011 June Spaceship Tinchy Stryder & Dappy 5
7%
2011 January Like U Like Aggro Santos ft Kimberley Walsh 8
3%
2011 June What a Feeling Alex Gaudino ft. Kelly Rowland 6
3%
2011 March Good Girl Alexis Jordan 6
3%
2011 October Wherever You Will Go Charlene Soraia 3
3%
2011 February Blind Faith Chase & Status ft. Liam Bailey 5
3%
2011 September Lick Ya Down Cover Drive 9
3%
2011 January Coming Home Diddy-Dirty Money ft. Skylar Grey 4
3%
2011 July Louder DJ Fresh ft. Sian Evans 1
3%
2011 April Broken Record Katy B 8
3%
2011 January Lights On Katy B ft. Ms. Dynamite 4
3%
2011 December Down for Whatever Kelly Rowland ft. The WAV.s 6
3%
2011 May Guilt Nero 8
3%
2011 August Promises Nero 1
3%
2011 December Nothing's Real but Love Rebecca Ferguson 10
3%
2011 June Save the World Swedish House Mafia 10
3%
2011 June Notorious The Saturdays 8
3%
2011 September All Fired Up The Saturdays 3
3%
2011 September Jealousy Will Young 5
3%
2011 August Don't Go Wretch 32 ft. Josh Kumra 1
3%
2011 January Traktor Wretch 32 ft. L Marshall 5
3%
2011 December Forever Yours Alex Day 4
0%
2011 October I Won't Let You Go James Morrison 5
0%
2011 July How We Roll Loick Essien ft. Tanya Lacey 2
0%
2011 December Dominick the Donkey Lou Monte 3
0%
2011 March Louder Parade 10
0%
2011 July Badman Riddim (Jump) Vato Gonzalez ft. Foreign Beggars 7
0%
No matching quizzes found
Score Distribution
Percent of People with Each Score
Percentile by Number Answered
Your Score History
You have not taken this quiz